| 000 | 00434nam a22001337a 4500 | ||
|---|---|---|---|
| 082 | _a005.1,IMT | ||
| 100 |
_aImtiaz, Sara _935336 |
||
| 245 |
_aProposing a user centered design pattern for open source software (OSS) / _cSara Imtiaz. |
||
| 260 |
_aRawalpindi _bMCS - NUST, _c2013 |
||
| 300 | _a150 p. : ill.; 30cm | ||
| 650 |
_aComputer Software Engineering MS-Thesis _916105 |
||
| 700 |
_aDr. Naveed Rao _935337 |
||
| 942 |
_2ddc _cTHE |
||
| 999 |
_c608217 _d608217 |
||